Bratislava - transformácia brownfieldu Nové Mesto

Enregistré dans:
Détails bibliographiques
Auteur principal: Barbořáková, Simona (Auteur)
Autres auteurs: Joklová, Viera (Directeur de thèse)
Format: Manuscrit Livre
Langue:slovaque
Publié: 2024
Sujets:
Accès en ligne:http://is.stuba.sk/zp/portal_zp.pl?podrobnosti=179332
Tags: Ajouter un tag
Pas de tags, Soyez le premier à ajouter un tag!

MARC

LEADER 00000ntm a22000003a 4500
001 stuzp99011
003 SK-STU
005 20240608212803.6
007 ta
008 150427s2015----xo-----f-mn---000-0-slo-d
040 |a STU  |b slo 
041 0 |a slo 
100 1 |a Barbořáková, Simona  |u 056160  |4 aut  |U FAD Fakulta architektúry a dizajnu  |T FAD Ústav urbanizmu a územného plánovania  |X 122999  |U A6160  |Y 397  |7 122999 
242 0 1 |a Bratislava – transformation of Nové Mesto brownfield  |y eng 
245 1 0 |a Bratislava - transformácia brownfieldu Nové Mesto 
260 |c 2024 
650 4 |a železnica  |2 slo 
650 4 |a priemyselný areál  |2 slo 
650 4 |a brownfield  |2 slo 
650 4 |a funkčne zmiešané územie  |2 slo 
650 4 |a railway  |2 eng 
650 4 |a industrial area  |2 eng 
650 4 |a brownfield  |2 eng 
650 4 |a mixed-use area  |2 eng 
700 1 |a Joklová, Viera  |u 056160  |k Z1  |4 ths  |U FAD Fakulta architektúry a dizajnu  |T FAD Ústav urbanizmu a územného plánovania  |X 378  |U A6160  |Y 397  |7 A000000378 
856 4 |u http://is.stuba.sk/zp/portal_zp.pl?podrobnosti=179332